000 00512nam a2200181Ia 4500
003 LK-CoDNM
008 010623t1983 xxu||||| |||| 00| 1 sin d
040 _aLK-CoDNM
_dLK-CoDNM
_eLK-CoDNM
041 _asin
080 _ax 92 NAR
100 _aGnanarathana, Weligama
_rev
245 _aනාරද මාහිමිපාණන්ගේ චරිතාපදානය
246 _aNarada mahimipanange charithapadanaya
260 _b
_c1983
300 _b11, 25 cm
650 _aBiography
942 _cBK
999 _c112274
_d112274